000 00401nam a2200145Ia 4500
008 100122s9999 xx 000 0 und d
082 _b427
_a173
100 _aभिडे भि गो
245 _aगृहसौख्य
260 _bप्रकाशक शोधणे
_c1924
300 _a40
630 _aगृहसौख्य
730 _aगृहसौख्य
942 _cBOOK
999 _c395608
_d395605